[Event "ICS rated bullet match"]
[Site "204.178.125.65"]
[Date "1999.10.04"]
[Round "?"]
[White "JSBach"]
[Black "Hossa"]
[Result "0-1"]
[WhiteElo "2068"]
[BlackElo "2377"]
[PlyCount "124"]
[EventDate "1999.??.??"]

1. e4 e5 2. Bc4 Nf6 3. Nf3 Nxe4 4. Nxe5 d5 5. Qe2 Bc5 6. Nd3 O-O 7. Nxc5 Nxc5
8. Bb5 c6 9. d4 Re8 10. Be3 cxb5 11. O-O Ne6 12. Qxb5 Nc6 13. c3 a6 14. Qd3 b6
15. Nd2 Ra7 16. a3 Qf6 17. Rfb1 Rae7 18. Re1 Nf4 19. Qf1 Qh4 20. Nf3 Qg4 21.
Rad1 Bb7 22. Rc1 Nh3+ 23. Kh1 b5 24. Rb1 Nf4 25. Kg1 Ng6 26. Rbc1 Nh4 27. Nxh4
Qxh4 28. Qe2 Na5 29. Qf3 Nc4 30. Re2 Re6 31. g3 Qh3 32. Rce1 a5 33. Bc1 Bc6 34.
Rxe6 fxe6 35. Re2 e5 36. dxe5 Nxe5 37. Qg2 Qxg2+ 38. Kxg2 Nd3 39. Rxe8+ Bxe8
40. Bf4 Nxb2 41. Bd6 Nc4 42. Bc5 Bc6 43. Kf1 Kf7 44. h4 Kg6 45. Ke2 Bd7 46. Kd3
Bf5+ 47. Kd4 Be4 48. g4 h5 49. g5 Kf7 50. f4 g6 51. Ba7 Nxa3 52. Bb6 Nc2+ 53.
Kc5 a4 54. f5 a3 55. fxg6+ Kxg6 56. Bc7 a2 57. Be5 a1=Q 58. Kxb5 Qe1 59. c4
Qb4+ 60. Ka6 Bf5 61. Ka7 Bc8 62. cxd5 62... Qb7# {JSBach checkmated} 0-1

[Event "ICS rated bullet match"]
[Site "204.178.125.65"]
[Date "1999.09.12"]
[Round "?"]
[White "JSBach"]
[Black "Hossa"]
[Result "0-1"]
[WhiteElo "2007"]
[BlackElo "2316"]
[PlyCount "104"]
[EventDate "1999.??.??"]

1. d4 d5 2. Qd3 Nd7 3. Bf4 c5 4. Qb5 a6 5. Qb3 Ngf6 6. Nf3 cxd4 7. Qa4 e6 8.
Nxd4 Be7 9. e3 O-O 10. Nf3 Nh5 11. Nbd2 b5 12. Qd4 Bc5 13. Qc3 Nxf4 14. exf4
Qb6 15. O-O-O Bb7 16. Be2 Bxf2 17. Bd3 b4 18. Bxh7+ Kxh7 19. Qd3+ Kg8 20. Ng5
Nf6 21. Qb3 Qd4 22. Qf3 Be3 23. Rhf1 Rfc8 24. Qe2 Bxf4 25. Nxe6 fxe6 26. Qxe6+
Kf8 27. g3 Qd3 28. Kb1 Qxc2+ 29. Ka1 Bxd2 30. Qe2 Bh6 31. Qe5 Kg8 32. Qe7 Rc7
33. Qxb4 Qxh2 34. Rh1 Qxg3 35. Rdf1 Be3 36. Qb3 Bf2 37. Qxg3 Bxg3 38. Rh3 Rac8
39. Kb1 Ne4 40. Rhh1 Nd2+ 41. Ka1 Nxf1 42. a3 Rc1+ 43. Ka2 Bh2 44. Rxh2 Nxh2
45. a4 g5 46. Kb3 d4 47. Kb4 d3 48. Ka5 d2 49. Kb6 R1c6+ 50. Ka7 d1=Q 51. b4
Qd4+ 52. Kxb7 52... Qd7# {JSBach checkmated} 0-1

[Event "ICS rated bullet match"]
[Site "204.178.125.65"]
[Date "1999.09.24"]
[Round "?"]
[White "JSBach"]
[Black "Hossa"]
[Result "0-1"]
[WhiteElo "2188"]
[BlackElo "2355"]
[PlyCount "96"]
[EventDate "1999.??.??"]

1. d4 Nf6 2. Nf3 g6 3. Nc3 d5 4. Bf4 Nh5 5. Bg5 h6 6. Bc1 Nf6 7. Qd3 Nc6 8. Bf4
Nh5 9. Bd2 Bg7 10. Qb5 e6 11. g4 Nf6 12. Ne5 O-O 13. Nxc6 bxc6 14. Qxc6 Bd7 15.
Qc5 Nxg4 16. Bh3 f5 17. Bf4 Nxf2 18. Bxc7 Qg5 19. Kxf2 Qh4+ 20. Kg2 Bxd4 21.
Bg3 Qxg3+ 22. hxg3 Bxc5 23. Raf1 d4 24. Nb1 Bc6+ 25. Rf3 Bxf3+ 26. exf3 Rab8
27. b3 Rfc8 28. c4 e5 29. Re1 Re8 30. Nd2 Kg7 31. Re2 Bb4 32. Kf1 e4 33. fxe4
d3 34. Rf2 Bc5 35. exf5 Bxf2 36. Kxf2 Re2+ 37. Kf3 Rxd2 38. Ke4 Rxa2 39. Kxd3
Rxb3+ 40. Ke4 Re2+ 41. Kd5 Rxg3 42. Bf1 Rf2 43. fxg6 Rxf1 44. c5 Rf5+ 45. Ke6
Rxc5 46. Kd6 Rgg5 47. Ke7 Rcd5 48. Ke6 48... Rge5# {JSBach checkmated} 0-1

[Event "ICS rated bullet match"]
[Site "204.178.125.65"]
[Date "1999.10.12"]
[Round "?"]
[White "JSBach"]
[Black "Hossa"]
[Result "0-1"]
[WhiteElo "2115"]
[BlackElo "2414"]
[PlyCount "70"]
[EventDate "1999.??.??"]

1. d4 d5 2. Qd3 Nd7 3. Bg5 f6 4. Bd2 e5 5. e4 Ne7 6. exd5 Nxd5 7. Qe4 Ne7 8.
Bd3 f5 9. Qh4 exd4 10. Qxd4 Nc6 11. Qf4 g6 12. Nc3 Nde5 13. Bb5 Bd6 14. Qe3 O-O
15. O-O-O Ng4 16. Qf3 Nce5 17. Qd5+ Nf7 18. Be3 c6 19. Bxc6 bxc6 20. Qxc6 Be6
21. h3 Nxe3 22. fxe3 Rc8 23. Qf3 Rxc3 24. Rxd6 Qxd6 25. bxc3 Qa3+ 26. Kd2 Rd8+
27. Ke1 Ng5 28. Qc6 Qc1+ 29. Kf2 Ne4+ 30. Qxe4 fxe4 31. a3 Rf8+ 32. Kg3 Qxe3+
33. Nf3 Rxf3+ 34. gxf3 Qxf3+ 35. Kh2 35... Qf2# {JSBach checkmated} 0-1

[Event "ICS rated bullet match"]
[Site "204.178.125.65"]
[Date "1999.10.14"]
[Round "?"]
[White "JSBach"]
[Black "Hossa"]
[Result "0-1"]
[WhiteElo "2017"]
[BlackElo "2423"]
[PlyCount "86"]
[EventDate "1999.??.??"]

1. d4 Nf6 2. Qd3 d5 3. Nf3 Nbd7 4. Bg5 Ne4 5. Bf4 e6 6. Nbd2 g5 7. Be3 g4 8.
Ne5 Nec5 9. dxc5 Nxe5 10. Qd4 Bg7 11. O-O-O f6 12. h3 h5 13. Bf4 Ng6 14. Bg3
gxh3 15. Qd3 Ne7 16. Rxh3 e5 17. Rh1 b6 18. e4 c6 19. cxb6 axb6 20. Qb3 Bh6 21.
exd5 cxd5 22. Bb5+ Kf7 23. Be2 Bg4 24. f3 Bf5 25. f4 Rc8 26. c3 h4 27. Rxh4 Ng6
28. Bh5 Kg7 29. Bxg6 Kxg6 30. Rdh1 d4 31. c4 e4 32. Qc2 Qe7 33. Qb3 Qc5 34. Qd1
e3 35. Qh5+ Kg7 36. Kd1 exd2 37. b4 Bc2+ 38. Kxc2 Qxc4+ 39. Kxd2 Qc3+ 40. Ke2
Qe3+ 41. Kf1 Rc1+ 42. Qd1 Rxd1+ 43. Be1 43... Rxe1# {JSBach checkmated} 0-1

[Event "ICS rated bullet match"]
[Site "204.178.125.65"]
[Date "1999.10.01"]
[Round "?"]
[White "JSBach"]
[Black "Hossa"]
[Result "0-1"]
[WhiteElo "2088"]
[BlackElo "2372"]
[Annotator "Fritz 5.32 (20s)"]
[PlyCount "116"]
[EventDate "1999.??.??"]

1. d4 d5 2. Qd3 2... Nd7 $146 (2... Nf6 3. Bf4 e6 4. Nc3 a6 5. a3 c5 6. dxc5
Bxc5 7. e3 Nc6 8. Nf3 b5 9. Be2 Bb7 10. O-O O-O 11. Nd4 Qb6 12. Nxc6 Bxc6 13.
b4 Be7 14. Be5 Nd7 15. Bd4 Qc7 16. f4 Rac8 17. e4 {
Pollock,W-Weiss,M/New York 1889/HCL/0-1 (46)}) (2... e6 3. f4 c5 4. e3 cxd4 5.
exd4 Nf6 6. Nd2 Nc6 7. c3 Bd6 8. Qf3 Bd7 9. Bd3 O-O 10. Ne2 Rb8 11. Rg1 b5 12.
a3 a5 13. g4 b4 14. Rg3 bxc3 15. bxc3 Qc7 16. g5 Ne8 17. Bxh7+ {
1-0 Steinwender,D-Comp Shredder/The Hague 1996/EXT 99 (17)}) 3. Bf4 c5 4. Qb5
$15 (4. e3 $5 $11) 4... a6 5. Qb3 5... Ngf6 $11 (5... cxd4 $5 6. Nf3 6... Nc5
$17) 6. Nf3 $17 (6. c3 $5 $11 {kam sehr in Betracht}) 6... cxd4 7. Qa4 (7. Nxd4
$2 {funktioniert nicht} 7... e5 8. Bxe5 8... Nxe5 $19) 7... e6 8. Nxd4 8... Be7
$15 (8... Ne4 9. Bc1 $17) 9. e3 O-O 10. Nf3 Nh5 11. Be2 $17 (11. Bg3 $5 $15)
11... b5 12. Qd4 Bc5 13. Qd2 Nxf4 14. exf4 Qf6 15. Qc1 Bb4+ 16. c3 Bd6 17. g3
Bb7 18. O-O b4 19. Nd4 $17 (19. Rd1 19... e5 $11) 19... bxc3 20. Qxc3 {
Die Oeffnung der c-Linie verschafft Schwarz Drohungen} 20... Rac8 21. Qe3 Bc5
22. Rd1 22... Bxd4 $15 (22... e5 23. fxe5 Nxe5 24. Nc3 $17) 23. Rxd4 Rc2 24.
Nc3 Rxb2 25. Rad1 Rb8 26. Bf1 Kh8 27. Rc1 (27. Ne4 27... Qg6 $17) 27... Qd8 $15
(27... e5 $5 $142 28. fxe5 28... Nxe5 $17) 28. Be2 $17 (28. Na4 e5 29. Nxb2
exd4 30. Qxd4 $11) 28... Qf8 29. Bd3 Rc8 30. f5 $2 $19 (30. h3 $17 $142) 30...
e5 31. Rxd5 Bxd5 32. Nxd5 32... Rxa2 {Damit entsteht ein starker Freibauer} 33.
Nc3 (33. f6 Rxc1+ 34. Qxc1 34... g6 $19) 33... Ra3 34. Qd2 Nc5 35. Qe3 (35. Bc4
$19 {die letzte Gegenchance}) 35... Nb3 (35... Nxd3 $5 $142 {
und Schwarz haette es noch leichter} 36. Qxd3 Qc5 37. f6 Rxc3 38. Rxc3 Qxc3 39.
fxg7+ Kxg7 40. Qxa6 $19) 36. Rd1 Rxc3 37. Qxe5 Nc5 38. Be2 Nd3 39. Qe4 Rc1 40.
Rxc1 Nxc1 41. Bc4 Ra1 42. Kg2 a5 (42... f6 $142 {ist genauer} 43. Qd4 Ra4 44.
Qd5 $19) 43. Qe5 (43. f6 {macht keinen grossen Unterschied} 43... g6 $19 (43...
gxf6 $6 44. Qd4 Qa8+ 45. f3 $19)) 43... Ra4 44. Qd5 (44. f6 {
kann das Vorangegangene nicht ungeschehen machen} 44... g6 (44... Rxc4 $6 {
waere weniger gut} 45. fxg7+ Qxg7 46. Qe8+ Qg8 47. Qe5+ f6 48. Qxf6+ Qg7 49.
Qd8+ Qg8 50. Qf6+ Qg7 51. Qd8+ Qg8 52. Qf6+ $11) 45. Bd5 45... Rb4 $19) 44...
f6 45. Qe6 Rb4 46. h4 a4 47. Bd5 Nb3 48. h5 (48. Qa6 {
aendert nichts am Ausgang der Partie} 48... Rd4 49. Be6 49... Nc5 $19) 48...
Nd4 (48... a3 {erleichterte Schwarz die Gewinnfuehrung} 49. Qa6 Rb8 50. Qa7 $19
) 49. Qd7 49... a3 {Schwarz geht zum Angriff ueber} 50. Qa7 50... Qd6 {
Droht Matt} 51. Qf7 (51. Be4 {hilft allerdings auch nicht} 51... Qe5 52. Ba8
52... Qe8 $19) 51... Rb8 52. Be6 (52. Be4 Qe5 53. Bd3 Nxf5 54. Bxf5 54... Qxf5
$19) 52... Qe5 53. Qa7 (53. h6 {ist noch eine Idee} 53... Qe4+ 54. Kh3 Qh1+ 55.
Kg4 Qxh6 56. Bd5 $19) 53... Qe4+ 54. Kh2 Rb1 55. Qxg7+ (55. Qb8+ {
waere gleichermassen fruchtlos} 55... Rxb8 56. Bc4 Rb1 57. Bf1 Rxf1 58. f3 Qe2+
59. Kh3 Rh1+ 60. Kg4 Qxf3#) 55... Kxg7 56. h6+ Kxh6 57. f3 Qxf3 58. Ba2 (58.
Kh3 {hilft auch nicht mehr} 58... Rh1#) 58... Rh1# (58... Qh1#) 0-1

[Event "ICS rated standard match"]
[Site "204.178.125.65"]
[Date "1999.09.22"]
[Round "?"]
[White "BobFish"]
[Black "Hossa"]
[Result "1-0"]
[WhiteElo "2165"]
[BlackElo "2059"]
[PlyCount "122"]
[EventDate "1999.??.??"]

1. c4 e5 2. Nc3 Nf6 3. g3 Bb4 4. Bg2 O-O 5. Nd5 Nxd5 6. cxd5 c6 7. e3 cxd5 8.
Bxd5 Na6 9. Ne2 d6 10. a3 Nc7 11. Bg2 Ba5 12. Nc3 Bd7 13. b4 Bb6 14. O-O Bc6
15. Bb2 Bxg2 16. Kxg2 a5 17. Na4 Ba7 18. bxa5 Nd5 19. Nc3 Nxc3 20. Bxc3 Rc8 21.
Bb4 Qd7 22. Rc1 Rxc1 23. Qxc1 Rc8 24. Qb1 d5 25. Rc1 Rxc1 26. Qxc1 g6 27. Qb2
d4 28. Qc2 Qd8 29. Qc4 Qd7 30. Kg1 Kg7 31. Kg2 Kg8 32. Kg1 Kg7 33. Kg2 Kg8 34.
a4 Qe6 35. Qxe6 fxe6 36. Kf3 dxe3 37. dxe3 Bb8 38. Ke4 Kf7 39. Bc3 Kf6 40. f4
h5 41. Bxe5+ Bxe5 42. fxe5+ Kf7 43. Kf4 Kf8 44. Kg5 Kf7 45. Kh6 g5 46. Kxg5 Kg7
47. Kxh5 Kh7 48. Kg5 Kg7 49. g4 Kf7 50. Kh6 Ke7 51. Kg7 Kd7 52. h4 Kc6 53. h5
Kc5 54. h6 Kb4 55. h7 Kxa4 56. h8=Q Kxa5 57. Qc8 b5 58. Qxe6 b4 59. Qb3 Kb5 60.
e6 Kc5 61. e7 61... Kd6 {Hossa resigns} 1-0

[Event "ICS rated standard match"]
[Site "204.178.125.65"]
[Date "1999.09.18"]
[Round "?"]
[White "Chessdream"]
[Black "Hossa"]
[Result "0-1"]
[WhiteElo "2027"]
[BlackElo "2157"]
[PlyCount "46"]
[EventDate "1999.??.??"]

1. Nf3 Nf6 2. c4 c5 3. g3 Nc6 4. Bg2 e5 5. d3 d5 6. cxd5 Nxd5 7. O-O Be7 8. Nc3
Nxc3 9. bxc3 O-O 10. Be3 Be6 11. Qa4 Qd7 12. Rab1 Rab8 13. Ng5 Bxg5 14. Bxg5
Nd4 15. Qd1 Nb5 16. Bd2 Bxa2 17. Ra1 Be6 18. c4 Nd4 19. Rxa7 Bh3 20. Bc3 Nc6
21. Ra2 Bxg2 22. Kxg2 b5 23. cxb5 23... Qd5+ {Chessdream resigns} 0-1

[Event "ICS rated standard match"]
[Site "204.178.125.65"]
[Date "1999.09.21"]
[Round "?"]
[White "Esen"]
[Black "Hossa"]
[Result "1-0"]
[WhiteElo "1982"]
[BlackElo "2147"]
[PlyCount "116"]
[EventDate "1999.??.??"]

1. e4 Nc6 2. Nf3 e5 3. Bb5 Nd4 4. Nxd4 exd4 5. O-O c6 6. Bc4 Nf6 7. d3 Bd6 8.
Bg5 O-O 9. Bxf6 Qxf6 10. Qf3 Qxf3 11. gxf3 Bf4 12. c3 d5 13. exd5 Bh3 14. Re1
Rfe8 15. Na3 dxc3 16. bxc3 Rac8 17. dxc6 bxc6 18. Rad1 Rb8 19. Re4 Bd6 20. Nb1
Red8 21. Bb3 Rb5 22. f4 Bf5 23. Rd4 Rbb8 24. Nd2 Bc5 25. Rxd8+ Rxd8 26. Ne4 Bb6
27. Ng5 Kf8 28. Nxf7 Rxd3 29. Rxd3 Bxd3 30. Ne5 Bf5 31. Nxc6 Bd3 32. Ne5 Bf5
33. Kf1 Bd8 34. Ke2 Ba5 35. c4 Bb4 36. Ke3 Ba3 37. Ke2 Be7 38. Nd3 Be6 39. Ke3
Ba3 40. Kd4 Bf7 41. c5 Be8 42. Kd5 Bg6 43. Ne5 Bf5 44. Nc6 Bg6 45. Nxa7 Bh5 46.
Kd6 Bc1 47. Ke5 Bb2+ 48. Ke4 Ba3 49. c6 Bd6 50. Nb5 Bg6+ 51. f5 Be8 52. c7 Bxc7
53. Nxc7 Bc6+ 54. Ke5 Ke7 55. Nd5+ Kf8 56. a4 Bd7 57. a5 Bc6 58. a6 58... Ba8 {
Hossa resigns} 1-0

[Event "ICS rated standard match"]
[Site "204.178.125.65"]
[Date "1999.09.18"]
[Round "?"]
[White "Hossa"]
[Black "BOCAMPEON"]
[Result "1-0"]
[WhiteElo "2159"]
[BlackElo "2100"]
[PlyCount "21"]
[EventDate "1999.??.??"]

1. d4 Nf6 2. c4 e6 3. Nf3 b6 4. Nc3 Bb7 5. Bg5 Bb4 6. e3 d6 7. Qa4+ Nc6 8. d5
Bxc3+ 9. bxc3 exd5 10. cxd5 h6 11. dxc6 {BOCAMPEON resigns} 1-0

[Event "ICS rated standard match"]
[Site "204.178.125.65"]
[Date "1999.09.15"]
[Round "?"]
[White "Hossa"]
[Black "Elzy"]
[Result "1-0"]
[WhiteElo "2137"]
[BlackElo "2100"]
[PlyCount "45"]
[EventDate "1999.??.??"]

1. e4 c5 2. d4 cxd4 3. Nf3 Nc6 4. Nxd4 Nf6 5. Nxc6 bxc6 6. Bd3 d6 7. O-O Bb7 8.
Bg5 h6 9. Be3 g5 10. c4 Bg7 11. Nc3 O-O 12. f4 gxf4 13. Bxf4 Qd7 14. Qd2 Qg4
15. Bxh6 Bxh6 16. Qxh6 d5 17. Rf3 dxe4 18. Nxe4 Nxe4 19. Bxe4 Qxe4 20. Rg3+ Qg6
21. Rxg6+ fxg6 22. Qxg6+ Kh8 23. Re1 {Elzy resigns} 1-0

[Event "ICS rated standard match"]
[Site "204.178.125.65"]
[Date "1999.09.20"]
[Round "?"]
[White "Hossa"]
[Black "Londo"]
[Result "1/2-1/2"]
[WhiteElo "2137"]
[BlackElo "2093"]
[PlyCount "121"]
[EventDate "1999.??.??"]

1. d4 Nf6 2. e3 d5 3. Bd3 e6 4. Nf3 c5 5. O-O Nc6 6. b3 Bd6 7. Ba3 cxd4 8. Bxd6
Qxd6 9. exd4 O-O 10. c3 Bd7 11. Re1 Rac8 12. Nbd2 h6 13. Ne5 Qc7 14. Rc1 Nxe5
15. Rxe5 Qa5 16. Qc2 b5 17. Nf3 Rc7 18. Re3 Rfc8 19. Ne5 Kf8 20. Be2 Ne4 21. f3
Nf6 22. f4 Be8 23. Bf3 Bd7 24. f5 exf5 25. Nxd7+ Rxd7 26. a4 Ne4 27. axb5 Rdc7
28. c4 dxc4 29. Rce1 Qxb5 30. Bxe4 fxe4 31. bxc4 Qxc4 32. Qxe4 Qc6 33. Qh7 f6
34. R3e2 Kf7 35. Qf5 Qd6 36. Qh5+ Kg8 37. Re8+ Rxe8 38. Qxe8+ Kh7 39. Qe4+ Kg8
40. Qe8+ Kh7 41. Qe4+ g6 42. d5 a5 43. h4 f5 44. Qd4 a4 45. Re8 Rg7 46. Kf2 a3
47. g3 g5 48. Qd3 Rf7 49. hxg5 hxg5 50. Ra8 Kg7 51. Kg2 f4 52. gxf4 Qxf4 53.
Qc3+ Qf6 54. Rxa3 Qxc3 55. Rxc3 Rd7 56. Rd3 Kf6 57. Kg3 Ke5 58. d6 Rxd6 59.
Rxd6 Kxd6 60. Kg4 Ke5 61. Kxg5 {
Game drawn because neither player has mating material} 1/2-1/2

[Event "ICS rated standard match"]
[Site "204.178.125.65"]
[Date "1999.09.21"]
[Round "?"]
[White "Hossa"]
[Black "NEPTUN"]
[Result "0-1"]
[WhiteElo "2171"]
[BlackElo "1976"]
[PlyCount "99"]
[EventDate "1999.??.??"]

1. d4 d5 2. Nf3 Nf6 3. c4 e6 4. e3 c5 5. cxd5 Nxd5 6. Nbd2 cxd4 7. Nxd4 Be7 8.
Bb5+ Bd7 9. Bc4 Nb6 10. Bd3 Nc6 11. O-O Nxd4 12. exd4 Bc6 13. Nf3 Bxf3 14. Qxf3
O-O 15. Qe4 g6 16. Qxb7 Bf6 17. Be3 Bxd4 18. Bxd4 Qxd4 19. Rad1 Qxb2 20. Rfe1
Qxa2 21. Re2 Qd5 22. Qa6 Qh5 23. Ree1 Nd5 24. Be4 Rfd8 25. Qa5 Qg5 26. Rb1 Qe5
27. Bxg6 Qc3 28. Bxh7+ Kxh7 29. Qa4 Qf6 30. Rb7 a5 31. Qg4 Re8 32. Qe4+ Kg7 33.
h3 a4 34. Rf1 a3 35. Qg4+ Qg6 36. Qxg6+ Kxg6 37. Kh2 a2 38. Ra1 Re7 39. Rxe7
Nxe7 40. g3 Nd5 41. h4 Nc3 42. Kg2 Rb8 43. Kh2 Rb1 44. Rxa2 Nxa2 45. Kh3 f5 46.
Kg2 Rb2 47. Kf3 Nc3 48. Ke3 Ne4 49. g4 Nxf2 50. g5 {Hossa resigns} 0-1

[Event "ICS rated standard match"]
[Site "204.178.125.65"]
[Date "1999.09.19"]
[Round "?"]
[White "Hossa"]
[Black "PostModernist"]
[Result "0-1"]
[WhiteElo "2149"]
[BlackElo "2333"]
[PlyCount "125"]
[EventDate "1999.??.??"]

1. d4 Nf6 2. c4 e6 3. Nc3 Bb4 4. e3 O-O 5. Nf3 c5 6. Bd3 d5 7. O-O dxc4 8. Bxc4
Nc6 9. a3 Ba5 10. Ne5 Qc7 11. Nxc6 Qxc6 12. Bb5 Qd6 13. Bd3 Bd7 14. dxc5 Qxc5
15. Bd2 Bc7 16. Ne4 Nxe4 17. Bb4 Nxf2 18. Bxc5 Nxd1 19. Raxd1 Ba4 20. Bxf8 Bxd1
21. Bxg7 Kxg7 22. Rxd1 Rd8 23. g4 f5 24. gxf5 exf5 25. Kg2 Be5 26. b4 Kf6 27.
a4 a6 28. Be2 Rg8+ 29. Kh1 Rg7 30. Rc1 Bd6 31. b5 axb5 32. axb5 Re7 33. Bf3
Rxe3 34. Bxb7 Re2 35. h4 Rh2+ 36. Kg1 Rxh4 37. Kf2 Rb4 38. Bc6 h5 39. Rd1 Bc5+
40. Kf3 Rb3+ 41. Ke2 f4 42. Rf1 Re3+ 43. Kd2 Kg5 44. Rb1 Bb6 45. Kc2 f3 46.
Rg1+ Kf4 47. Rg6 f2 48. Rf6+ Kg3 49. Rg6+ Kh4 50. Bg2 Rg3 51. Rf6 Rxg2 52. Kd3
Rg1 53. Ke2 f1=Q+ 54. Rxf1 Rxf1 55. Kxf1 Kg3 56. Ke1 h4 57. Ke2 h3 58. Kd2 h2
59. Kc3 h1=Q 60. Kb2 Qd5 61. Kc3 Qxb5 62. Kc2 Qc4+ 63. Kb2 {Hossa resigns} 0-1

[Event "ICS rated standard match"]
[Site "204.178.125.65"]
[Date "1999.09.20"]
[Round "?"]
[White "Hossa"]
[Black "ShortSeller2"]
[Result "1-0"]
[WhiteElo "2138"]
[BlackElo "2111"]
[PlyCount "87"]
[EventDate "1999.??.??"]

1. d4 d5 2. c4 c6 3. Nf3 Nf6 4. Nc3 e6 5. Bg5 Be7 6. e3 O-O 7. Be2 h6 8. Bh4
dxc4 9. Bxc4 c5 10. O-O Nc6 11. Ne5 Nxe5 12. dxe5 Nd5 13. Bxe7 Nxe7 14. Qd6 b6
15. Rfd1 Bb7 16. Bxe6 Qxd6 17. exd6 fxe6 18. dxe7 Rfe8 19. Rd7 Bc6 20. Rd6 Rac8
21. Rxe6 Kf7 22. Rd6 Rxe7 23. Rad1 b5 24. Nd5 Re5 25. Nf4 b4 26. b3 a5 27. Nd3
Rg5 28. Nf4 a4 29. h4 Rf5 30. Ng6 axb3 31. axb3 Be4 32. g4 Rf6 33. Ne5+ Ke8 34.
R6d2 h5 35. gxh5 Ra8 36. Rc1 Rh6 37. Kh2 Rxh5 38. Rxc5 Rxh4+ 39. Kg3 Rh5 40.
Rd4 Ra1 41. Rxe4 Rg1+ 42. Kf4 Rh4+ 43. Ng4+ Kf7 44. Kg5 {ShortSeller2 resigns}
1-0

[Event "ICS rated standard match"]
[Site "204.178.125.65"]
[Date "1999.09.21"]
[Round "?"]
[White "Hossa"]
[Black "axn"]
[Result "1-0"]
[WhiteElo "2152"]
[BlackElo "2012"]
[PlyCount "46"]
[EventDate "1999.??.??"]

1. e4 e5 2. Nf3 Nf6 3. Nxe5 d6 4. Nf3 Nxe4 5. d4 d5 6. Bd3 Be7 7. O-O O-O 8.
Re1 Nf6 9. Ne5 Bd6 10. Bg5 h6 11. Bh4 g5 12. Bg3 Be6 13. f4 Bxe5 14. fxe5 Bg4
15. Qd2 Nh5 16. Bf2 Nf4 17. Be3 Nxd3 18. Qxd3 f5 19. Rf1 f4 20. Qg6+ Kh8 21.
Qxh6+ Kg8 22. Qg6+ Kh8 23. Bxf4 23... gxf4 {axn resigns} 1-0

[Event "ICS rated standard match"]
[Site "204.178.125.65"]
[Date "1999.09.15"]
[Round "?"]
[White "Hossa"]
[Black "camb"]
[Result "0-1"]
[WhiteElo "2161"]
[BlackElo "2442"]
[PlyCount "89"]
[EventDate "1999.??.??"]

1. d4 d5 2. c4 dxc4 3. Nf3 Nf6 4. e3 Be6 5. Na3 c5 6. Bxc4 Bxc4 7. Nxc4 Nc6 8.
Nce5 cxd4 9. Nxc6 bxc6 10. exd4 e6 11. O-O Be7 12. Ne5 Rc8 13. Be3 O-O 14. Rc1
Bd6 15. Nxc6 Qb6 16. Qc2 Ng4 17. h3 Nxe3 18. fxe3 Rc7 19. a4 Rfc8 20. Qf2 f6
21. Nxa7 Rxc1 22. Nxc8 Rxc8 23. e4 e5 24. Qf5 Qxd4+ 25. Kh2 Rc2 26. b3 Be7 27.
Qg4 Kf8 28. h4 g6 29. h5 gxh5 30. Qf5 Qd2 31. Qf3 Qg5 32. Qh3 Qg4 33. Qxg4 hxg4
34. a5 Ra2 35. Kg3 Rxa5 36. Kxg4 Ra2 37. g3 Re2 38. Kf5 Re3 39. Rc1 Rxb3 40.
Ke6 Rb6+ 41. Kf5 Kf7 42. Rh1 Kg7 43. Rf1 Rb3 44. Ke6 Bf8 45. g4 {Hossa resigns}
0-1

[Event "ICS rated standard match"]
[Site "204.178.125.65"]
[Date "1999.09.19"]
[Round "?"]
[White "Hossa"]
[Black "dieng"]
[Result "0-1"]
[WhiteElo "2161"]
[BlackElo "2166"]
[PlyCount "105"]
[EventDate "1999.??.??"]

1. d4 Nf6 2. c4 e5 3. dxe5 Ng4 4. e4 Nxe5 5. f4 Ng6 6. Be3 Bb4+ 7. Nd2 Qe7 8.
Kf2 Nc6 9. Ne2 d6 10. Ng3 Qf6 11. Nh5 Qxb2 12. Rb1 Qxa2 13. Nxg7+ Kf8 14. Nf5
Bxd2 15. Bxd2 Nxf4 16. Kf3 Ne6 17. Bh6+ Ke8 18. Ra1 Qb2 19. Rb1 Ned4+ 20. Nxd4
Ne5+ 21. Ke3 Ng4+ 22. Kf4 Qf2+ 23. Nf3 Qe3+ 24. Kg3 Qxh6 25. Rb3 Rg8 26. Qe2
Be6 27. Rb4 a5 28. Ra4 Ke7 29. h3 Nf6+ 30. Kf2 Qf4 31. Kg1 Nxe4 32. c5 d5 33.
Nd2 Qxd2 34. Rxe4 Qc1 35. Re3 Qxc5 36. Qf2 d4 37. Re4 Rad8 38. Rh2 Rg5 39. Kh1
d3 40. Qd2 Rf5 41. Re1 Rf2 42. Qh6 d2 43. Qh4+ Ke8 44. Qa4+ Qc6 45. Qxa5 Qc1
46. Bb5+ c6 47. Qxd2 Qxd2 48. Rg1 cxb5 49. h4 h5 50. Rh3 Bxh3 51. Re1+ Qxe1+
52. Kh2 Rxg2+ 53. Kxh3 {Hossa resigns} 0-1

[Event "ICS rated standard match"]
[Site "204.178.125.65"]
[Date "1999.09.20"]
[Round "?"]
[White "Hossa"]
[Black "fischerwisher15"]
[Result "1-0"]
[WhiteElo "2145"]
[BlackElo "2200"]
[PlyCount "32"]
[EventDate "1999.??.??"]

1. e4 c5 2. Nf3 d6 3. d4 cxd4 4. Nxd4 a6 5. Be2 Nf6 6. Nc3 e5 7. Nb3 Be7 8. O-O
O-O 9. Be3 Be6 10. f4 exf4 11. Rxf4 Nc6 12. Nd5 Bxd5 13. exd5 Ne5 14. Qd2 b5
15. a4 Qb8 16. Rb4 16... Neg4 {fischerwisher15 resigns} 1-0

[Event "ICS rated standard match"]
[Site "204.178.125.65"]
[Date "1999.09.22"]
[Round "?"]
[White "Hossa"]
[Black "intelboy"]
[Result "1-0"]
[WhiteElo "2055"]
[BlackElo "2099"]
[PlyCount "32"]
[EventDate "1999.??.??"]

1. f4 Nf6 2. Nf3 d5 3. g3 Nc6 4. Bg2 Bf5 5. O-O e6 6. d4 Bd6 7. c4 O-O 8. Nc3
b6 9. cxd5 exd5 10. Nh4 Be4 11. Nxe4 Nxe4 12. Nf5 Re8 13. Qc2 Qd7 14. Qa4 Qxf5
15. Qxc6 Rad8 16. Rf3 16... Re5 {intelboy resigns} 1-0

[Event "ICS rated standard match"]
[Site "204.178.125.65"]
[Date "1999.09.14"]
[Round "?"]
[White "Hossa"]
[Black "janh"]
[Result "1-0"]
[WhiteElo "2151"]
[BlackElo "2104"]
[PlyCount "81"]
[EventDate "1999.??.??"]

1. e4 Nf6 2. e5 Nd5 3. d4 d6 4. Nf3 dxe5 5. Nxe5 Nd7 6. Nxd7 Bxd7 7. c4 Nf6 8.
Be2 c5 9. dxc5 e5 10. Be3 Qc7 11. O-O Bxc5 12. Bxc5 Qxc5 13. Nd2 O-O 14. Qb3
Qc6 15. Rfe1 Rad8 16. Qe3 Bg4 17. f3 Bh5 18. Nb3 e4 19. fxe4 Bxe2 20. Qxe2 Rfe8
21. e5 Nd7 22. Rad1 Qb6+ 23. Qe3 Nxe5 24. Qxb6 Rxd1 25. Rxd1 axb6 26. Rd4 Nc6
27. Rd5 Nb4 28. Rd7 Nxa2 29. Rxb7 Nb4 30. Nd2 Nc2 31. Rxb6 Rd8 32. Nf1 Rc8 33.
b4 h6 34. c5 Nd4 35. Kf2 Ne6 36. c6 Nc7 37. b5 Kf8 38. Ne3 Kg8 39. Nf5 Kh7 40.
Nd6 Rd8 41. Rb7 {janh resigns} 1-0

[Event "ICS rated standard match"]
[Site "204.178.125.65"]
[Date "1999.09.19"]
[Round "?"]
[White "Hossa"]
[Black "robbok1"]
[Result "0-1"]
[WhiteElo "2167"]
[BlackElo "2411"]
[PlyCount "140"]
[EventDate "1999.??.??"]

1. e4 c5 2. Nf3 Nc6 3. Bb5 g6 4. O-O Bg7 5. c3 Nf6 6. Re1 O-O 7. d4 d5 8. exd5
Qxd5 9. Bxc6 Qxc6 10. Rxe7 Be6 11. Ne5 Qc8 12. Nd3 Rd8 13. Qe1 Bf8 14. Rxe6
Qxe6 15. Qxe6 fxe6 16. Bg5 Kg7 17. Be3 Bd6 18. h3 c4 19. Nf4 Re8 20. Nd2 Rac8
21. Ne2 e5 22. Re1 exd4 23. cxd4 Bb4 24. Nc3 Bxc3 25. bxc3 Nd5 26. Nb1 b5 27.
a3 h6 28. Bd2 Rxe1+ 29. Bxe1 Re8 30. Bd2 g5 31. f3 a5 32. Kf2 Kg6 33. Kf1 Re6
34. g3 Kf5 35. g4+ Kg6 36. Kf2 Kf7 37. Kf1 Ke7 38. Kf2 Kd7 39. Kf1 Kc6 40. Kf2
Kb6 41. Kf1 Rc6 42. Ke2 Ka6 43. Bc1 b4 44. axb4 axb4 45. cxb4 c3 46. Na3 Nxb4
47. Kd1 Rf6 48. Ke2 Re6+ 49. Kd1 Rd6 50. Nc2 Nd5 51. Ke2 Rf6 52. Kf2 Kb5 53. h4
gxh4 54. g5 hxg5 55. Bxg5 Ra6 56. Ne3 Ra2+ 57. Kg1 Nxe3 58. Bxe3 Kc4 59. Kf1 h3
60. Kg1 Rd2 61. Kh1 Kd3 62. Bf4 c2 63. Bxd2 Kxd2 64. Kh2 Ke3 65. Kg3 h2 66. Kg4
h1=Q 67. f4 Qh6 68. d5 Qg6+ 69. Kh3 Kf3 70. f5 70... Qh5# {Hossa checkmated}
0-1